|
|
|
|
| LEADER |
00861cas#a2200253#a#4500 |
| 001 |
015917 |
| 005 |
20160923115155.0 |
| 008 |
990917c1999####ag####p#############spa#d |
| 022 |
|
|
|a 1514-2205
|
| 040 |
|
|
|a AR-beUNQ
|
| 099 |
|
|
|a P-AR-MUN2
|
| 110 |
2 |
|
|a Argentina. Ministerio de Economía y Obras y Servicios Públicos. Instituto Nacional de Estadística y Censos
|
| 245 |
0 |
0 |
|a Municipium /
|c Argentina. Ministerio de Economía y Obras y Servicios Públicos. Instituto Nacional de Estadística y Censos.
|
| 260 |
|
|
|a Buenos Aires :
|b INDEC,
|
| 300 |
|
|
|a v.
|
| 310 |
|
|
|a irregular
|
| 650 |
|
7 |
|a SISTEMAS DE INFORMACION
|2 Spines
|
| 650 |
|
7 |
|a REGIONES ADMINISTRATIVAS
|2 Spines
|
| 650 |
|
7 |
|a PLANIFICACION REGIONAL
|2 Spines
|
| 650 |
|
7 |
|a Datos estadísticos
|2 Spines
|
| 653 |
|
|
|a MUNICIPIOS
|
| 866 |
0 |
|
|a 1999 (1-4); 2000 (5)
|
| 929 |
|
|
|j 25114
|
| 999 |
|
|
|c 26569
|d 109375
|